Các Líp-nếch (1871-1919)

保存先:
書誌詳細
第一著者: Hayse Volkemus
フォーマット: 図書
言語:Undetermined
出版事項: Hà Nội Thanh niên 1979
主題:
タグ: タグ追加
タグなし, このレコードへの初めてのタグを付けませんか!
Thư viện lưu trữ: Trung tâm Học liệu Trường Đại học Cần Thơ
LEADER 00520nam a2200181Ia 4500
001 CTU_10787
008 210402s9999 xx 000 0 und d
082 |a 943.1092 
082 |b V945 
100 |a Hayse Volkemus 
245 0 |a Các Líp-nếch (1871-1919) 
245 0 |c Hayse Volkemus; Dịch giả: Tân Uyên 
260 |a Hà Nội 
260 |b Thanh niên 
260 |c 1979 
650 |a revolutionists - biography 
904 |i Minh, 961012 
980 |a Trung tâm Học liệu Trường Đại học Cần Thơ